000 00798 a2200241 4500
005 2008082900120.0
008 080829t xxu||||| |||| 00| 0 eng d
010 _aENG-87440
020 _a8178793342
_c595.00
035 _aEN-70973
037 _bDBAD / PUB
082 _a611
100 _aJain, Rita
245 _aAtlas of human body
_bby Rita Jain
260 _aNew Delhi
_bSports Publications
_c2006
270 _a7/26, Ground floor, Ansari Road, Darya Ganj
_bNew Delhi
_e110 002
300 _av, 255 p.
_c22 cm ( Hb.)
700 _aJain, Rita
700 _aDhingra, Neeraj
700 _aDhingra, Meenu
942 _adpl
_cEN
_k611/JAI
_2ddc
_h611
_mJAI
999 _c6568
_d6568